Αρχιεπίσκοπος Κύπρου Κυπριανός : ο μάρτυρας της πίστεως και της πατρίδος : αρχείον κειμένων
Αποθηκεύτηκε σε:
| Άλλοι συγγραφείς: | |
|---|---|
| Μορφή: | Βιβλίο |
| Γλώσσα: | Greek |
| Δημοσίευση: |
Κύπρος :
Ιερά Βασιλική και Σταυροπηγιακής Μονής Μαχαιρά,
2009
|
| Θέματα: | |
| Ετικέτες: |
Προσθήκη ετικέτας
Δεν υπάρχουν, Καταχωρήστε ετικέτα πρώτοι!
|
MARC
| LEADER | 00000cam a2200000 i 4500 | ||
|---|---|---|---|
| 001 | 1/16607 | ||
| 008 | 111121s2009 gre d | ||
| 020 | |a 978-9963-648-19-1 | ||
| 035 | |l 10111413 | ||
| 040 | |a GR-MY-UA |b gre |e aacr | ||
| 041 | 0 | |a gre | |
| 082 | 0 | |a 270.092 |2 (22) | |
| 245 | 1 | 0 | |a Αρχιεπίσκοπος Κύπρου Κυπριανός : |b ο μάρτυρας της πίστεως και της πατρίδος : αρχείον κειμένων / |c επιμέλεια-διορθώσεις κειμένων:Οικονόμος Παρασκευάς Αγάθωνος |
| 260 | |a Κύπρος : |b Ιερά Βασιλική και Σταυροπηγιακής Μονής Μαχαιρά, |c 2009 | ||
| 300 | |a 702 σ.; |b εικ.; |c 24 εκ. | ||
| 504 | |a Περιλαμβάνει βιβλιογραφικές παραπομπές και ευρετήριο | ||
| 650 | 0 | 0 | |a Christian patron saints. |
| 650 | 0 | 0 | |a Saints |x Biography. |
| 700 | 1 | |a Αγάθωνος, Οικονόμος Παρασκευάς. |4 edt | |
| 852 | |a INST |b RHODES |e 20111121 |h 270.092 ΑΡΧ |p 005400033820 |q 005400033820 |t BK |y 0 | ||
| 901 | |a BIBL4-2011-3 | ||
| 909 | |a Ρ |b 170454 | ||
| 922 | |a 4ΕΛΗ | ||
| 970 | |z 2011/11/21 | ||